000 00654nam a2200229Ia 4500
001 9612
003 GE_BSU
008 181216s||||||||xx |||||||||||||| ||und||
040 _cGE_BSU
080 _a821.353.1-31
100 _aმაღლაფერიძე,თეიმურაზ
245 _aცხრაკარა
245 _bრომანი
245 _cრედ:ც.ჩხაიძე;მხატვ:ვ.არაბიძე
260 _aთბილისი.
260 _bნაკადული.
260 _c1980.
300 _a294გვ;20სმ
300 _bილ.
653 _aრომანი
942 _cBK
999 _c42897
_d42897